=LDR 00000nam 2200000 4500 =001 INLIS000000000028290 =005 20130612130615 =008 ***********************************Ind** =035 ##$$0010-061300000028290 =041 ##$$a Ind =082 ##$$a 621.31 =090 ##$$a 621.31, Coo l =100 ##$$a Coper, Alan =245 ##$$a Listrik, Alan Cooper =260 ##$$a 1986 $b Jakarta =300 ##$$a 48 hlm, ilus, 28 cm =650 ##$$a Teknik =850 ##$$a NBPNMAT